[Event "BI-2013-F-0008"]
[Site "LSS email"]
[Date "2014.02.21"]
[Round "?"]
[White "Kuzmin, Konstantin"]
[Black "Sheers, Matthew Philip"]
[Result "1/2-1/2"]
[WhiteElo "2167"]
[BlackElo "1779"]
[PlyCount "69"]
[EventDate "2014.02.27"]
[EventType "tourn (corr)"]
[EventRounds "10"]
[EventCountry "GER"]
[SourceTitle "Corr 2015"]
[Source "ChessBase"]
[SourceDate "2015.07.17"]
[SourceVersion "1"]
[SourceVersionDate "2015.07.17"]
[SourceQuality "1"]

1. e4 c5 2. Nf3 Nc6 3. d4 cxd4 4. Nxd4 Nf6 5. Nc3 e5 6. Ndb5 d6 7. Bg5 a6 8. Na3 b5 9. Bxf6 gxf6 10. Nd5 Bg7 11. c3 f5 12. Bd3 Be6 13. Nxb5 axb5 14. Bxb5 Bd7 15. exf5 0-0 16. a4 e4 17. 0-0 Re8 18. Qg4 Kh8 19. Rad1 Rc8 20. Rfe1 Re5 21. Ne3 Qf6 22. Qe2 Bxf5 23. Nxf5 Qxf5 24. Rxd6 Nb8 25. Rb6 Rg8 26. Rd1 Bh6 27. g3 Bg5 28. Rd4 e3 29. f3 Rd5 30. Bd3 Qd7 31. Rxd5 Qxd5 32. Rb5 Qd7 33. a5 Nc6 34. Kg2 Qd6 35. Be4 1/2-1/2

[Event "CP-2012-P-00045"]
[Site "LSS email"]
[Date "2012.10.01"]
[Round "?"]
[White "Sheers, Matthew Philip"]
[Black "Cabrera Trujillo, Claudio Tomas"]
[Result "1-0"]
[WhiteElo "1770"]
[BlackElo "1013"]
[PlyCount "41"]
[EventDate "2012.10.05"]
[EventType "tourn (corr)"]
[EventRounds "6"]
[EventCountry "GER"]
[SourceTitle "Telechess CBM 161"]
[Source "ChessBase"]
[SourceDate "2014.07.16"]
[SourceVersion "1"]
[SourceVersionDate "2014.07.16"]
[SourceQuality "1"]

1. d4 d5 2. c4 e6 3. Nf3 Nf6 4. Nc3 Nbd7 5. Bg5 Be7 6. cxd5 exd5 7. e3 c6 8. Qc2 0-0 9. Bd3 h6 10. Bh4 Re8 11. 0-0 c5 12. Bb5 a6 13. Bxd7 Qxd7 14. dxc5 g5 15. Bg3 Bxc5 16. Rfd1 Qe6 17. Nxd5 Nxd5 18. Qxc5 Nf6 19. Nxg5 hxg5 20. Qxg5+ Kf8 21. Bd6+ 1-0

[Event "CP-2012-P-00045"]
[Site "LSS email"]
[Date "2012.10.01"]
[Round "?"]
[White "Sheers, Matthew Philip"]
[Black "Markus, Roland"]
[Result "1/2-1/2"]
[WhiteElo "1770"]
[BlackElo "2232"]
[PlyCount "151"]
[EventDate "2012.10.05"]
[EventType "tourn (corr)"]
[EventRounds "6"]
[EventCountry "GER"]
[SourceTitle "Telechess CBM 161"]
[Source "ChessBase"]
[SourceDate "2014.07.16"]
[SourceVersion "1"]
[SourceVersionDate "2014.07.16"]
[SourceQuality "1"]

1. d4 Nf6 2. c4 e6 3. Nf3 b6 4. e3 Bb7 5. Bd3 d5 6. cxd5 exd5 7. Nc3 Be7 8. 0-0 0-0 9. Ne5 c5 10. Qf3 Nc6 11. Qh3 h6 12. Rd1 Re8 13. Bb5 Rc8 14. Qf5 Bd6 15. Nxc6 Bxc6 16. dxc5 Re5 17. Qf3 Bxc5 18. Bxc6 Rxc6 19. b3 Bxe3 20. Bxe3 Rxc3 21. Bxb6 Qc8 22. Be3 Ng4 23. Rxd5 Nxe3 24. fxe3 Rcxe3 25. Qf2 Re7 26. Rad1 Qg4 27. R5d4 Qg6 28. Rd6 f6 29. Qf1 R7e4 30. R6d3 Re2 31. R3d2 Qh5 32. Rxe2 Rxe2 33. b4 Qg4 34. Rd8+ Kf7 35. a3 Qe4 36. Rd1 Re3 37. Ra1 h5 38. b5 Re2 39. Rd1 h4 40. h3 g5 41. Qf3 Re1+ 42. Rxe1 Qxe1+ 43. Kh2 Qe5+ 44. g3 hxg3+ 45. Qxg3 Ke6 46. Kg2 Qe2+ 47. Kg1 Qxb5 48. Qe3+ Qe5 49. Qb3+ Kd6 50. Qb8+ Kd5 51. Qb7+ Kc4 52. Qxa7 Qg3+ 53. Kf1 Qxh3+ 54. Kf2 Qf5+ 55. Kg3 Qe5+ 56. Kg2 Qd5+ 57. Kg3 Qd6+ 58. Kg2 Qc6+ 59. Kg3 Qd6+ 60. Kg2 Qd5+ 61. Kg3 Qe5+ 62. Kg2 Qe4+ 63. Kf1 Qf5+ 64. Kg2 Qc2+ 65. Kh3 Qf5+ 66. Kg2 Qb5 67. a4 Qc6+ 68. Kf1 Kb4 69. Ke2 Qg2+ 70. Ke1 Qg3+ 71. Kf1 Qd6 72. a5 Kb5 73. Ke1 Qc6 74. Kd1 Qd6+ 75. Ke1 Qe6+ 76. Kd1 1/2-1/2

[Event "BI-2011-F-00018"]
[Site "LSS email"]
[Date "2012.02.12"]
[Round "?"]
[White "Davila, Oscar Alfredo"]
[Black "Sheers, Matthew Philip"]
[Result "1-0"]
[WhiteElo "1751"]
[BlackElo "1700"]
[PlyCount "115"]
[EventDate "2012.02.15"]
[EventType "tourn (corr)"]
[EventRounds "10"]
[EventCountry "GER"]
[SourceTitle "Telechess CBM 165"]
[Source "ChessBase"]
[SourceDate "2015.03.11"]
[SourceVersion "1"]
[SourceVersionDate "2015.03.11"]
[SourceQuality "1"]

1. c4 Nf6 2. Nf3 e6 3. d4 b6 4. Nc3 Bb7 5. a3 Be7 6. d5 0-0 7. g3 Na6 8. Bg2 Nc5 9. Nd4 a5 10. 0-0 a4 11. Bf4 Nh5 12. Bd2 Nf6 13. Qc2 Ne8 14. dxe6 fxe6 15. Bxb7 Nxb7 16. Nxa4 Bf6 17. Nf3 Ned6 18. Rfd1 e5 19. c5 bxc5 20. Nxc5 Nxc5 21. Qxc5 e4 22. Nd4 Qe7 23. Bf4 Qf7 24. Rac1 Ra6 25. Qxc7 Bxd4 26. Rxd4 Nb5 27. Qc4 Nxd4 28. Qxa6 d5 29. Be3 Qe6 30. Qxe6+ Nxe6 31. Rc6 Kf7 32. Rd6 Rb8 33. b4 Ra8 34. Rd7+ Ke8 35. Rxd5 Rxa3 36. Re5 Kd7 37. Rxe4 Ra2 38. Kf1 Ra1+ 39. Kg2 Ra2 40. Kf3 Rb2 41. Rc4 h5 42. Bc1 Rb3+ 43. Ke4 Kd6 44. Bd2 h4 45. Bc3 hxg3 46. hxg3 g6 47. f4 Rb1 48. g4 Rf1 49. Be5+ Kd7 50. Ke3 Rb1 51. f5 gxf5 52. gxf5 Ng5 53. Rc7+ Ke8 54. Bd6 Nf7 55. Bc5 Nh6 56. Re7+ Kd8 57. Rh7 Nxf5+ 58. Kf4 1-0

[Event "BI-2011-F-00018"]
[Site "LSS email"]
[Date "2012.02.12"]
[Round "?"]
[White "Sheers, Matthew Philip"]
[Black "Correa de Almeida, Claudio"]
[Result "1/2-1/2"]
[WhiteElo "1700"]
[BlackElo "1677"]
[PlyCount "143"]
[EventDate "2012.02.15"]
[EventType "tourn (corr)"]
[EventRounds "10"]
[EventCountry "GER"]
[SourceTitle "Telechess CBM 165"]
[Source "ChessBase"]
[SourceDate "2015.03.11"]
[SourceVersion "1"]
[SourceVersionDate "2015.03.11"]
[SourceQuality "1"]

1. d4 d5 2. c4 c6 3. Nc3 Nf6 4. cxd5 cxd5 5. e3 a6 6. Bd3 Nc6 7. a3 e5 8. dxe5 Nxe5 9. Bc2 Bc5 10. b3 Be6 11. Nge2 0-0 12. Bb2 Rc8 13. 0-0 Qc7 14. h3 Rfd8 15. Na4 Ba7 16. Rc1 Qd6 17. b4 Nfd7 18. Bd4 Bxd4 19. Nxd4 Nc4 20. Qd3 g6 21. Qc3 Re8 22. Nb2 Bxh3 23. Nxc4 Rxc4 24. Qd2 Bg4 25. Bb3 Rxc1 26. Rxc1 Nf6 27. a4 Re5 28. Qc3 Rh5 29. Qc7 Qxb4 30. Qc5 Qd2 31. Qc3 Ne4 32. Qxd2 Nxd2 33. Rc7 b6 34. Rc6 Nc4 35. e4 Na5 36. Rxb6 Nxb3 37. Nxb3 Bd1 38. Nd2 Bxa4 39. Rxa6 Bc2 40. exd5 Rxd5 41. Nc4 Bd3 42. Ne3 Rd4 43. Ra2 Kg7 44. Rd2 Rd7 45. g4 h6 46. f4 Bb5 47. Rxd7 Bxd7 48. Kf2 Bc6 49. Kg3 Be4 50. g5 h5 51. Nd1 Kf8 52. Nc3 Bd3 53. Nd5 Ke8 54. Kh4 Kd7 55. Kg3 Kd6 56. Nf6 Bf5 57. Kh4 Kc5 58. Kg3 Kd4 59. Ne8 Ke3 60. Nf6 Kd4 61. Ne8 Ke3 62. Nf6 Bc8 63. Ne8 Bg4 64. Nf6 Be6 65. Ne8 Kd4 66. Nf6 Bc8 67. Ne8 Bd7 68. Nf6 Be6 69. Ne8 Ke4 70. Nf6+ Kf5 71. Ne8 Ke4 72. Nf6+ 1/2-1/2

[Event "BI-2010-F-00012"]
[Site "LSS email"]
[Date "2011.02.21"]
[Round "?"]
[White "Kelemen, Gyorgy"]
[Black "Sheers, Matthew Philip"]
[Result "1/2-1/2"]
[WhiteElo "1928"]
[BlackElo "1759"]
[PlyCount "168"]
[EventDate "2011.02.24"]
[EventType "tourn (corr)"]
[EventRounds "10"]
[EventCountry "GER"]
[SourceTitle "Telechess CBM 151"]
[Source "ChessBase"]
[SourceDate "2012.11.13"]
[SourceVersion "1"]
[SourceVersionDate "2012.11.13"]
[SourceQuality "1"]

1. e4 c5 2. Nf3 d6 3. d4 cxd4 4. Nxd4 Nf6 5. Nc3 a6 6. Be2 Nc6 7. 0-0 g6 8. Nxc6 bxc6 9. Bf4 Bg7 10. Qd2 0-0 11. Bh6 Bxh6 12. Qxh6 Rb8 13. Rab1 Qa5 14. Qe3 Bg4 15. Bc4 Bc8 16. h3 Rd8 17. Rfd1 Nd7 18. a3 Qc5 19. Qxc5 Nxc5 20. b4 Nd7 21. f4 Nb6 22. Bb3 Kf8 23. Kf2 h5 24. a4 h4 25. Ba2 Kg7 26. a5 Nd7 27. Ke3 g5 28. Rf1 Rg8 29. Ne2 Kf8 30. Nd4 gxf4+ 31. Rxf4 Ne5 32. Kf2 c5 33. Nf3 Rg7 34. Nxe5 dxe5 35. Rxh4 Rxb4 36. Rxb4 cxb4 37. Rh8+ Rg8 38. Rh5 Rg6 39. Rxe5 Rc6 40. Bb3 Be6 41. Bxe6 fxe6 42. Ke3 Kf7 43. Kd2 Rc4 44. g4 Kf6 45. Rh5 Rd4+ 46. Ke3 Rc4 47. Kd3 Rc3+ 48. Kd4 Rxc2 49. Rh6+ Kf7 50. Rh7+ Ke8 51. Rh8+ Kf7 52. Ra8 e5+ 53. Kd5 b3 54. Rxa6 Ra2 55. Kc4 b2 56. Rb6 Ra4+ 57. Kc3 Rxe4 58. a6 Ra4 59. Kxb2 e4 60. Kb3 Ra5 61. Kc2 Ra2+ 62. Kb1 Ra4 63. Kc1 Ra2 64. h4 e3 65. Kd1 Ra4 66. Ke2 Rxg4 67. h5 Ra4 68. Kxe3 e5 69. Kd3 Kg7 70. h6+ Kh7 71. Re6 e4+ 72. Ke3 Kg8 73. Kf4 Kh7 74. Ke3 Kg8 75. Kd2 Ra2+ 76. Kc3 e3 77. Kb4 e2 78. Kb5 Rb2+ 79. Kc6 Rc2+ 80. Kb7 Rb2+ 81. Ka7 Kh7 82. Ka8 Rb6 83. Rxe2 Rxa6+ 84. Kb7 Rxh6 1/2-1/2

[Event "BI-2010-F-00012"]
[Site "LSS email"]
[Date "2011.02.21"]
[Round "?"]
[White "Sheers, Matthew Philip"]
[Black "Hillebrand, Carsten"]
[Result "1/2-1/2"]
[WhiteElo "1759"]
[BlackElo "1669"]
[PlyCount "34"]
[EventDate "2011.02.24"]
[EventType "tourn (corr)"]
[EventRounds "10"]
[EventCountry "GER"]
[SourceTitle "Corr 2015"]
[Source "ChessBase"]
[SourceDate "2015.07.17"]
[SourceVersion "1"]
[SourceVersionDate "2015.07.17"]
[SourceQuality "1"]

1. e4 c5 2. d4 cxd4 3. c3 dxc3 4. Nxc3 Nc6 5. Nf3 d6 6. Bc4 a6 7. 0-0 Nf6 8. Bg5 e6 9. Rc1 h6 10. Bf4 g5 11. Be3 Bg7 12. Bb3 0-0 13. a3 Ng4 14. Bd2 Nge5 15. Be3 Ng4 16. Bd2 Nge5 17. Be3 Ng4 1/2-1/2

[Event "CP-2009-Q-00014"]
[Site "LSS email"]
[Date "2011.02.03"]
[Round "?"]
[White "Petters Merino, Oscar Augusto"]
[Black "Sheers, Matthew Philip"]
[Result "1-0"]
[WhiteElo "2121"]
[BlackElo "1757"]
[PlyCount "69"]
[EventDate "2011.02.05"]
[EventType "tourn (corr)"]
[EventRounds "6"]
[EventCountry "GER"]
[SourceTitle "Telechess CBM 157"]
[Source "ChessBase"]
[SourceDate "2013.11.12"]
[SourceVersion "1"]
[SourceVersionDate "2013.11.12"]
[SourceQuality "1"]

1. d4 Nf6 2. g3 e6 3. Bg2 d5 4. Nf3 Be7 5. 0-0 0-0 6. b3 c5 7. Bb2 cxd4 8. Qxd4 Nc6 9. Qd3 Qd6 10. Nbd2 e5 11. e4 Nxe4 12. Nxe4 dxe4 13. Qxe4 f5 14. Qe3 Bf6 15. Rad1 Qc7 16. c4 e4 17. Nd4 Ne5 18. Nb5 Qf7 19. Ba3 Re8 20. Nd6 Qh5 21. Qd2 Rf8 22. Qd5+ Kh8 23. Bb2 Nd7 24. Bc1 Ne5 25. Bf4 Nd3 26. Nxe4 Nxf4 27. gxf4 Bb2 28. Nd6 h6 29. Nxb7 Bxb7 30. Qxb7 Qg4 31. Qf3 Rad8 32. c5 Qg6 33. c6 Bf6 34. c7 Rc8 35. Rd7 1-0

[Event "CP-2009-Q-00014"]
[Site "LSS email"]
[Date "2011.02.03"]
[Round "?"]
[White "Sheers, Matthew Philip"]
[Black "Truyens, Aime"]
[Result "0-1"]
[WhiteElo "1757"]
[BlackElo "2221"]
[PlyCount "134"]
[EventDate "2011.02.05"]
[EventType "tourn (corr)"]
[EventRounds "6"]
[EventCountry "GER"]
[SourceTitle "Telechess CBM 157"]
[Source "ChessBase"]
[SourceDate "2013.11.12"]
[SourceVersion "1"]
[SourceVersionDate "2013.11.12"]
[SourceQuality "1"]

1. e4 g6 2. Nf3 Bg7 3. d4 a6 4. Bc4 b5 5. Bb3 Bb7 6. 0-0 e6 7. Re1 Ne7 8. Nc3 0-0 9. a3 d6 10. d5 exd5 11. Nxd5 Nxd5 12. Bxd5 Bxd5 13. exd5 Nd7 14. Bg5 Qb8 15. c3 Re8 16. Rxe8+ Qxe8 17. Qd2 Qe4 18. Rd1 Qc4 19. Be3 Qa2 20. Qc1 Nf6 21. Bd4 Nxd5 22. Bxg7 Kxg7 23. c4 Nf6 24. cxb5 axb5 25. Nd4 b4 26. axb4 Qa4 27. b5 Re8 28. h3 h6 29. Kh2 Re4 30. Qd2 Qa2 31. f3 Re5 32. g3 Rc5 33. Kg2 Nd5 34. Re1 Qc4 35. Kf2 Qb4 36. Rd1 Qxd2+ 37. Rxd2 Kf6 38. f4 Nb4 39. h4 h5 40. Kf3 Ke7 41. Ke3 Kd7 42. Kf3 Rd5 43. Ke3 Kc8 44. Rf2 f5 45. Re2 Kb7 46. b3 Kb6 47. Rd2 Rc5 48. Kf2 Rc3 49. Kg2 Nd3 50. Ra2 Kc5 51. Ne2 Rxb3 52. Rc2+ Kb6 53. Rc6+ Kb7 54. Rc3 Nc5 55. Rxb3 Nxb3 56. Nc3 c5 57. bxc6+ Kxc6 58. Nd1 d5 59. Nb2 Kb5 60. Kf2 Kb4 61. Ke1 Kc3 62. Na4+ Kc2 63. Nb6 d4 64. Nd5 d3 65. Nb4+ Kc3 66. Nd5+ Kd4 67. Nb6 Nc5 0-1

[Event "CP-2009-Q-00014"]
[Site "LSS email"]
[Date "2011.02.03"]
[Round "?"]
[White "Sheers, Matthew Philip"]
[Black "Walczak, Piotr"]
[Result "0-1"]
[WhiteElo "1757"]
[BlackElo "2320"]
[PlyCount "52"]
[EventDate "2011.02.05"]
[EventType "tourn (corr)"]
[EventRounds "6"]
[EventCountry "GER"]
[SourceTitle "Telechess CBM 157"]
[Source "ChessBase"]
[SourceDate "2013.11.12"]
[SourceVersion "1"]
[SourceVersionDate "2013.11.12"]
[SourceQuality "1"]

1. e4 c5 2. Nf3 Nc6 3. d4 cxd4 4. Nxd4 Nf6 5. Nc3 e5 6. Ndb5 d6 7. Bg5 a6 8. Na3 b5 9. Bxf6 gxf6 10. Nd5 f5 11. Bd3 Be6 12. 0-0 Bxd5 13. exd5 Ne7 14. Nxb5 Bg7 15. Nc3 e4 16. Bc4 Ng6 17. Qd2 0-0 18. Rfe1 Be5 19. Nd1 Kh8 20. c3 Nh4 21. Qe3 Rg8 22. g3 Nf3+ 23. Kh1 Qf6 24. Bf1 f4 25. Qxe4 Nxe1 26. Qxe1 Rae8 0-1

[Event "CP-2010-P-00066"]
[Site "LSS email"]
[Date "2010.09.28"]
[Round "?"]
[White "Flores, Luis"]
[Black "Sheers, Matthew Philip"]
[Result "1-0"]
[WhiteElo "1919"]
[BlackElo "1875"]
[PlyCount "73"]
[EventDate "2010.10.01"]
[EventType "tourn (corr)"]
[EventRounds "6"]
[EventCountry "GER"]
[SourceTitle "Telechess CBM 143"]
[Source "ChessBase"]
[SourceDate "2011.07.15"]
[SourceVersion "1"]
[SourceVersionDate "2011.07.15"]
[SourceQuality "1"]

1. e4 c5 2. Nf3 Nc6 3. d4 cxd4 4. Nxd4 d5 5. Bb5 dxe4 6. Nxc6 Qxd1+ 7. Kxd1 a6 8. Ba4 Bd7 9. Nc3 Bxc6 10. Bxc6+ bxc6 11. Nxe4 f5 12. Nd2 Rd8 13. Re1 Nf6 14. c3 Ng4 15. f3 Nf2+ 16. Kc2 Nd3 17. Re3 Nf4 18. g3 Nd5 19. Re2 g5 20. Nb3 g4 21. fxg4 fxg4 22. Nc5 a5 23. Bd2 Rb8 24. Re6 Rb6 25. Rae1 h5 26. c4 Nb4+ 27. Kb1 Na6 28. Ne4 Nb4 29. Rf1 Bg7 30. Bg5 Bf8 31. Nf6+ Kd8 32. Rd1+ Kc8 33. Nd7 Rb7 34. Nc5 Rb6 35. a3 Na6 36. Na4 Rb7 37. Rxc6+ 1-0

[Event "CP-2010-P-00066"]
[Site "LSS email"]
[Date "2010.09.28"]
[Round "?"]
[White "Sheers, Matthew Philip"]
[Black "Mori, Roberto"]
[Result "1-0"]
[WhiteElo "1887"]
[BlackElo "659"]
[PlyCount "65"]
[EventDate "2010.10.01"]
[EventType "tourn (corr)"]
[EventRounds "6"]
[EventCountry "GER"]
[SourceTitle "Telechess CBM 143"]
[Source "ChessBase"]
[SourceDate "2011.07.15"]
[SourceVersion "1"]
[SourceVersionDate "2011.07.15"]
[SourceQuality "1"]

1. e4 e5 2. Nf3 Nc6 3. Bb5 Bd6 4. d4 exd4 5. Bxc6 bxc6 6. Qxd4 f6 7. 0-0 Bb7 8. Re1 Ne7 9. Nbd2 0-0 10. Nc4 c5 11. Qc3 Ng6 12. Nxd6 cxd6 13. Qb3+ Kh8 14. Qxb7 Ne7 15. Bf4 Nc6 16. Bxd6 Na5 17. Qd5 Re8 18. Bxc5 Nc6 19. b4 a6 20. Rad1 Rc8 21. Qf7 Ne5 22. Nxe5 Rxe5 23. Rxd7 Qg8 24. f3 Rce8 25. Red1 R8e6 26. c4 Qxf7 27. Rxf7 h6 28. Bd6 Rg5 29. Ra7 f5 30. exf5 Rxf5 31. Rxa6 Rg6 32. b5 Re6 33. b6 1-0

[Event "LSS BI-2010-P-00011"]
[Site "LSS email"]
[Date "2010.04.19"]
[Round "?"]
[White "Lingen, Rainer"]
[Black "Sheers, Matthew Philip"]
[Result "0-1"]
[WhiteElo "1887"]
[BlackElo "1900"]
[PlyCount "72"]
[EventDate "2010.04.22"]
[EventType "tourn (corr)"]
[EventRounds "10"]
[EventCountry "GER"]
[SourceTitle "Telechess CBM 141"]
[Source "ChessBase"]
[SourceDate "2011.03.17"]
[SourceVersion "1"]
[SourceVersionDate "2011.03.17"]
[SourceQuality "1"]

1. e4 d5 2. exd5 Qxd5 3. Nc3 Qa5 4. d4 Nf6 5. Nf3 c6 6. Bd3 Bg4 7. 0-0 e6 8. h3 Bh5 9. Bf4 Nbd7 10. Re1 Bb4 11. a3 Bxc3 12. bxc3 Qxc3 13. g4 Bg6 14. Qb1 Bxd3 15. cxd3 Qa5 16. Qxb7 0-0 17. Qxc6 Nd5 18. Bd2 Qd8 19. Rec1 Qf6 20. Kg2 N7b6 21. Qd6 Rfd8 22. Qg3 Rdc8 23. Ne5 Qe7 24. Nc4 Qb7 25. Qf3 Qd7 26. a4 Ne7 27. Ne5 Qe8 28. Rxc8 Rxc8 29. Rb1 Nbd5 30. Rb7 a6 31. a5 Rc7 32. Rxc7 Nxc7 33. Qb7 Ned5 34. Nc6 Qa8 35. Qxa8+ Nxa8 36. Kf3 Nac7 0-1